000 00554nam a2200229Ia 4500
003 OSt
005 20220924132305.0
006 a|||||r|||| 00| 0
007 ta
008 220923b |||||||| |||| 00| 0 san d
024 _a40655
037 _cTextual
040 _aARTS
_cARTS
_bsan
041 _2san
_asan
082 _aO15,1I40,1, D1
100 _aSrivara
_9193549
245 0 _aKatha kautuka
260 _c1911
650 _aSANSKRIT LITERATURE
942 _hO15,1I40,1, D1
_cTEXL
_2CC
999 _c429918
_d429918